Sanat - "Siitä tuntee joulun" - Statistics

Yleistilastot
  • Tätä visaa on pelattu 16 kertaa
  • Keskiarvotulos 87 / 165
Vastaustilastot
Vastaus % Oikein
jo
100%
joulu
100%
joulun
100%
Mistä
100%
tuntee
100%
lapset
91%
ja
82%
kai
82%
kaikki
82%
kun
82%
sen
82%
Siitä
82%
siitä
82%
voi
82%
jätti
73%
kinkku
73%
koulun
73%
on
73%
sekaisin
73%
talossa
73%
sanoin
64%
tuo
64%
kuinka
55%
lahja
55%
lasten
55%
55%
muutamin
55%
saa
55%
vielä
55%
äsken
45%
ehdin
45%
ehkä
45%
ei
45%
en
45%
hukkasin
45%
kolmannen
45%
lahjojen
45%
lapsi
45%
mitä
45%
muista
45%
nyt
45%
onko
45%
ostoslistan
45%
poika
45%
sopivan
45%
tehdä
45%
tilaamatta
45%
tyttö
45%
vaiko
45%
Virtasen
45%
aina
36%
annoimmeko
36%
Elmä-tädin
36%
hälle
36%
huuto
36%
joulutähtikin
36%
keksin
36%
kuuluu
36%
kuusehen
36%
lapsien
36%
lelun
36%
löytäneet
36%
maas
36%
me
36%
merkitsee
36%
mieleen
36%
mikä
36%
missä
36%
muistuttaa
36%
oli
36%
piilopaikat
36%
piparkakkujen
36%
purkinavaimen
36%
radiosta
36%
rauhaisaa
36%
sanoa
36%
täytyy
36%
unta
36%
uudet
36%
villi
36%
ihmisen
27%
juhla
27%
juhlien
27%
kaikkein
27%
keksittävä
27%
kiire
27%
kirjan
27%
kynnet
27%
lakka
27%
mutta
27%
ne
27%
ohi
27%
ostettava
27%
paras
27%
poltti
27%
rauha
27%
saapuu
27%
silti
27%
sula
27%
taas
27%
taikinan
27%
tiedän
27%
viimein
27%
viimeinen
27%
viimevuotinen
27%
voimat
27%
ylivoimainen
27%
yöllä
27%
joulukorttilista
18%
kaiken
18%
kestää
18%
kiellä
18%
kuukausia
18%
kyllä
18%
laatikkooni
18%
mielestäin
18%
panin
18%
talteen
18%
tämän
18%
tänne
18%
unohtaminen
18%
uupuneet
18%
varmaan
18%
hyvin
9%
Ehtoja vastaavia visoja ei löytynyt
Tulosjakauma
Jokaisen tuloksen saaneiden osuus
Persentiili vastausten määrän mukaan
Tuloshistoriasi
Et ole pelannut tätä visaa